000 00789nam a22002297a 4500
003 OSt
005 20260530113910.0
008 260421b2019 mx |||| |||| 00| 0 spa d
040 _aICI
_bspa
_cICI
050 _aF1234
_bS3503 2019
100 _a Salmerón Sanginés, Pedro,
_eautor
_933316
245 _a Los Carrancistas : |b la historia nunca contada del victorioso Ejército del Noreste /
_cPedro Salmerón
250 _aPrimera edición impresa en México
264 _a Ciudad de México :
_bPaidos,
_c 2019
300 _a351 páginas :
_bmapas
336 _2rdacontent
_atexto
337 _2rdamedia
_asin medio
338 _2rdacarrier
_avolumen
650 _aMéxico |
_x Historia |y Revolución, 1910-1920
_933317
650 _aMéxico
_xHistoria militar
_933318
942 _2lcc
_cBK
999 _c12108
_d12108